=LDR 00000nam 2200000 4500 =001 INLIS000000000003225 =005 20250224100619 =035 ##$$a 0010-0225000515 =007 ta =008 250224################e##########0#ind## =082 ##$$a 304.6 =084 ##$$a 304.6 BAD f =100 #$$a Badan Kependudukan dan Keluarga Berencana Nasional =245 1#$$a Fertilitas Remaja di Indonesia Analisis Lanjut Survei Demografi dan Kesehatan Indonesia (SDKI) Tahun 2012 /$c Mugia Bayu Raharja ; Dwi Wahyuni =260 ##$$a Jakarta :$b BKKBN,$c 2013 =300 ##$$a 56 hlm : $b ilus ; $c 29 cm =650 #4$$a Demografi =856 ##$$a Perpustakaan KEMENDUKBANGGA/BKKBN